00579nam a2200181Ia 4500008004000000082001300040100001900053245005900072250000500131260003800136300001100174440000600185650004000191690001300231906001100244999001700255952012500272210210b1988 xxu||||| |||| 00| 0 eng d a686 KESH aKESAVAN (B S). aHistory of printing and publishing in India. V2. Ed 1. a aIndia.bNational Book Trustc1988 axv,782 a2 aHistory Printing Publishing India  aPrinting a045512 c94928d94928 001040738JournalismaALbALcJournalismd2021-02-17g114.00l0o686 KESHp045512r2021-02-17 00:00:00w2021-02-17yBK